Jornadas sobre infancia y minusvalía (Record no. 197154)
[ view plain ]
| 000 -LEADER | |
|---|---|
| campo de control de longitud fija | 03862nim a2200637 i 4500 |
| 001 - NÚMERO DE CONTROL | |
| campo de control | 197154 |
| 003 - IDENTIFICADOR DE NÚMERO DE CONTROL | |
| campo de control | ES-MaACL |
| 005 - FECHA Y HORA DE LA ÚLTIMA TRANSACCIÓN | |
| campo de control | 20250831091721.0 |
| 007 - CAMPO FIJO DE DESCRIPCIÓN FÍSICA--INFORMACIÓN GENERAL | |
| campo de control de longitud fija | ss zsnzzbimuez |
| 008 - DATOS DE LONGITUD FIJA--INFORMACIÓN GENERAL | |
| campo de control de longitud fija | 250430s1990 sp n || c spa |
| 035 ## - NÚMERO DE CONTROL DEL SISTEMA | |
| Número de control de sistema | (SpMaBN)a3300835 |
| 035 ## - NÚMERO DE CONTROL DEL SISTEMA | |
| Número de control de sistema | (OCoLC)431050857 |
| 040 ## - FUENTE DE CATALOGACIÓN | |
| Centro catalogador/agencia de origen | SpMaBN |
| Lengua de catalogación | spa |
| Centro/agencia transcriptor | SpMaBN |
| Normas de descripción | rdc |
| 245 00 - MENCIÓN DEL TÍTULO | |
| Título | Jornadas sobre infancia y minusvalía |
| Medio | [Grabacion sonora] : |
| Resto del título | en colaboración con la Federación de Asociaciones de la Comunidad Madrileña |
| 260 ## - PUBLICACIÓN, DISTRIBUCIÓN, ETC. | |
| Lugar de publicación, distribución, etc. | Madrid : |
| Nombre del editor, distribuidor, etc. | Ateneo de Madrid, |
| Fecha de publicación, distribución, etc. | 1990 |
| 300 ## - DESCRIPCIÓN FÍSICA | |
| Extensión | 5 casetes (ca. 450 min) : |
| Otras características físicas | son. ; |
| Dimensiones | 11 cm. + |
| Material acompañante/anejo | 1 programa de mano |
| 490 1# - MENCIÓN DE SERIE | |
| Materiales especificados | Actos culturales en el Ateneo de Madrid. |
| 518 ## - NOTA DE FECHA/HORA Y LUGAR DE UN ACONTECIMIENTO | |
| Nota de fecha/hora y lugar de un acontecimiento | Grabado los días 4, 5 y 6 de julio de 1900 en el Salón de Actos del Ateneo de Madrid |
| 520 ## - RESUMEN, ETC. | |
| Sumario, etc. | Cintas 1 y 2. Día 4. Inauguración de las jornadas y coloquio / coordina: Francisca Julios Puerta, presidenta de la sección / intervienen: José Prat, presidente del Ateneo de Madrid; Rosa Quiles, AMPHEB; Adela Lucas, AUXILIA; María Dolores Garrido, CRECER; Basilio Moreno, jefe sección endocrinología del hospital Gregorio Marañón; José Carlos Martí, jefe sección traumatología de ASEPEYO y Francisco Arroyo Vila, jefe sección urología pediátrica del hospital Gregorio Marañón. Cintas 3 y 4. Día 5. Coloquio / preside: Pedro Navarro Utrilla, profesor de la facultad de medicina de Madrid. / intervienen: Sagrario Contreras, psicóloga de la asociación madrileña padres hijos de espina bífida; María Jesús Mar Domingo, jefa del departamento infantil de psiquiatría del hospital Gregorio Marañón y Francisca Julios Puerta, M.N. Soc. Hispano-Luso americana de psiquiatría. Cinta 5. Día 6. Coloquio / coordinan: Concha Barón y Francisca Julios Puerta / intervienen: Javier Cabada, director del colegio de integración "Jorge Guillén" de Madrid; Maite León, presidenta de la fundación psicoballet y miembro del comité de arte y creatividad europea y Pilar Gómez Cano, jefa del equipo de psicología de la fundación psicoballet. |
| 540 ## - NOTA DE CONDICIONES DE USO Y REPRODUCCIÓN | |
| Condiciones de uso y reproducción | Documento inédito. |
| 594 ## - Nota al título y mención de responsabilidad | |
| a | Datos basados en el programa de las jornadas. |
| 610 20 - PUNTO DE ACCESO ADICIONAL DE MATERIA--NOMBRE DE ENTIDAD CORPORATIVA | |
| Nombre de entidad corporativa o nombre de jurisdicción como elemento de entrada | Ateneo de Madrid- |
| Subdivisión general | Actos culturales- |
| Subdivisión cronológica | 1990- |
| Subdivisión de forma | Grabaciones sonoras |
| 9 (RLIN) | 240083 |
| 650 #7 - PUNTO DE ACCESO ADICIONAL DE MATERIA--TÉRMINO DE MATERIA | |
| Término de materia o nombre geográfico como elemento de entrada | Minusvalías- |
| 9 (RLIN) | 142498 |
| Subdivisión general | Clasificación |
| 653 ## - TÉRMINO DE INDIZACIÓN--NO CONTROLADO | |
| Término no controlado | Archivo de la palabra |
| 655 #0 - TERMINO DE INDIZACIÓN--GENERO/FORMA | |
| Datos o término principal de género/forma | Conferencias |
| 9 (RLIN) | 234444 |
| 700 1# - ENTRADA AGREGADA--NOMBRE PERSONAL | |
| 9 (RLIN) | 93665 |
| Nombre de persona | Prat, José, |
| Fechas asociadas al nombre | 1905-1994 |
| Término indicativo de función/relación | Autor de epílogo, colofón, etc. |
| 700 0# - ENTRADA AGREGADA--NOMBRE PERSONAL | |
| 9 (RLIN) | 67251 |
| Nombre de persona | Julios Puerta, Francisca |
| Término indicativo de función/relación | Coordinador |
| 700 ## - ENTRADA AGREGADA--NOMBRE PERSONAL | |
| 9 (RLIN) | 240309 |
| Nombre de persona | Quiles, Rosa |
| Término indicativo de función/relación | Orador |
| 700 ## - ENTRADA AGREGADA--NOMBRE PERSONAL | |
| 9 (RLIN) | 240310 |
| Nombre de persona | Lucas, Adela |
| Término indicativo de función/relación | Orador |
| 700 ## - ENTRADA AGREGADA--NOMBRE PERSONAL | |
| 9 (RLIN) | 240311 |
| Nombre de persona | Garrido, María Dolores |
| Término indicativo de función/relación | Orador |
| 700 ## - ENTRADA AGREGADA--NOMBRE PERSONAL | |
| 9 (RLIN) | 240313 |
| Nombre de persona | Moreno, Basilio |
| Término indicativo de función/relación | Orador |
| 700 ## - ENTRADA AGREGADA--NOMBRE PERSONAL | |
| 9 (RLIN) | 240312 |
| Nombre de persona | Martí, José Carlos |
| Término indicativo de función/relación | Orador |
| 700 ## - ENTRADA AGREGADA--NOMBRE PERSONAL | |
| 9 (RLIN) | 240314 |
| Nombre de persona | Arroyo Vila, Francisco |
| Término indicativo de función/relación | Orador |
| 700 1# - ENTRADA AGREGADA--NOMBRE PERSONAL | |
| 9 (RLIN) | 240315 |
| Nombre de persona | Navarro Utrilla, Pedro |
| Término indicativo de función/relación | Orador |
| 700 ## - ENTRADA AGREGADA--NOMBRE PERSONAL | |
| 9 (RLIN) | 240316 |
| Nombre de persona | Contreras, Sagrario |
| Término indicativo de función/relación | Orador |
| 700 ## - ENTRADA AGREGADA--NOMBRE PERSONAL | |
| 9 (RLIN) | 240317 |
| Nombre de persona | Mar Domingo, María Jesús |
| Término indicativo de función/relación | Orador |
| 700 0# - ENTRADA AGREGADA--NOMBRE PERSONAL | |
| 9 (RLIN) | 67251 |
| Nombre de persona | Julios Puerta, Francisca |
| Término indicativo de función/relación | Orador |
| 700 1# - ENTRADA AGREGADA--NOMBRE PERSONAL | |
| 9 (RLIN) | 240318 |
| Nombre de persona | Barón, Concha |
| Término indicativo de función/relación | Coordinador |
| 700 ## - ENTRADA AGREGADA--NOMBRE PERSONAL | |
| 9 (RLIN) | 240319 |
| Nombre de persona | Cabada, Javier |
| Término indicativo de función/relación | Orador |
| 700 1# - ENTRADA AGREGADA--NOMBRE PERSONAL | |
| Nombre de persona | León Fritsch, María Teresa, |
| Fechas asociadas al nombre | 1963-2006 |
| Término indicativo de función/relación | Orador |
| 9 (RLIN) | 240323 |
| 700 1# - ENTRADA AGREGADA--NOMBRE PERSONAL | |
| 9 (RLIN) | 240325 |
| Nombre de persona | Gómez Cano, Pilar |
| Término indicativo de función/relación | Orador |
| 710 2# - ENTRADA AGREGADA--NOMBRE DE ENTIDAD CORPORATIVA | |
| Nombre de entidad corporativa o nombre de jurisdicción como elemento de entrada | Ateneo de Madrid |
| 9 (RLIN) | 1875 |
| Término indicativo de función/relación | Sede |
| 710 1# - ENTRADA AGREGADA--NOMBRE DE ENTIDAD CORPORATIVA | |
| Nombre de entidad corporativa o nombre de jurisdicción como elemento de entrada | Federación Socialista Madrileña |
| 9 (RLIN) | 240170 |
| Término indicativo de función/relación | Colaborador |
| 710 1# - ENTRADA AGREGADA--NOMBRE DE ENTIDAD CORPORATIVA | |
| Nombre de entidad corporativa o nombre de jurisdicción como elemento de entrada | Comisión Ejecutiva Federal PSOE |
| 9 (RLIN) | 240171 |
| Término indicativo de función/relación | Colaborador |
| 710 2# - ENTRADA AGREGADA--NOMBRE DE ENTIDAD CORPORATIVA | |
| Nombre de entidad corporativa o nombre de jurisdicción como elemento de entrada | Fundación Largo Caballero |
| 9 (RLIN) | 4355 |
| Término indicativo de función/relación | Colaborador |
| 710 2# - ENTRADA AGREGADA--NOMBRE DE ENTIDAD CORPORATIVA | |
| Nombre de entidad corporativa o nombre de jurisdicción como elemento de entrada | Fundación Pablo Iglesias |
| Término indicativo de función/relación | Colaborador |
| 9 (RLIN) | 4374 |
| 830 #0 - PUNTO DE ACCESO ADICIONAL DE SERIE-TÍTULO UNIFORME | |
| Título uniforme | Actos culturales en el Ateneo de Madrid |
| 9 (RLIN) | 240237 |
| 852 ## - LOCALIZACIÓN | |
| Ubicación | ES-MaACL |
| Ubicación en estantería | Depósito Z |
| Designación de la unidad física | Cinta 1 |
| itemnumber | 205368 |
| 852 ## - LOCALIZACIÓN | |
| Ubicación | ES-MaACL |
| Ubicación en estantería | Depósito Z |
| Designación de la unidad física | Cinta 2 |
| itemnumber | 205369 |
| 852 ## - LOCALIZACIÓN | |
| Ubicación | ES-MaACL |
| Ubicación en estantería | Depósito Z |
| Designación de la unidad física | Cinta 3 |
| itemnumber | 205370 |
| 852 ## - LOCALIZACIÓN | |
| Ubicación | ES-MaACL |
| Ubicación en estantería | Depósito Z |
| Designación de la unidad física | Cinta 4 |
| itemnumber | 205371 |
| 852 ## - LOCALIZACIÓN | |
| Ubicación | ES-MaACL |
| Ubicación en estantería | Depósito Z |
| Designación de la unidad física | Cinta 5 |
| itemnumber | 205417 |
| 942 ## - ELEMENTOS DE ENTRADA SECUNDARIOS (KOHA) | |
| Fuente del sistema de clasificación o colocación | Clasificación decimal universal |
| Tipo de ítem Koha | Casete |
| Suprimir en OPAC | No |
| Estatus retirado | Estado de pérdida | Fuente del sistema de clasificación o colocación | Especificación de materiales (volumen encuadernado u otra parte) | Estado de daño | No para préstamo | Colección | Biblioteca de origen | Biblioteca actual | Ubicación en estantería | Fecha de adquisición | Total de préstamos | Signatura topográfica completa | Código de barras | Visto por última vez | Precio de reemplazo | Tipo de ítem Koha |
|---|---|---|---|---|---|---|---|---|---|---|---|---|---|---|---|---|
| Clasificación decimal universal | Cinta 1 | Archivo de la palabra | Biblioteca del Ateneo de Madrid | Biblioteca del Ateneo de Madrid | Depósito Z | 09/05/2025 | AP/1088 | 2025-0196 | 09/05/2025 | 09/05/2025 | Casete | |||||
| Clasificación decimal universal | Cinta 2 | Archivo de la palabra | Biblioteca del Ateneo de Madrid | Biblioteca del Ateneo de Madrid | Depósito Z | 09/05/2025 | AP/1089 | 2025-0197 | 09/05/2025 | 09/05/2025 | Casete | |||||
| Clasificación decimal universal | Cinta 3 | Archivo de la palabra | Biblioteca del Ateneo de Madrid | Biblioteca del Ateneo de Madrid | Depósito Z | 09/05/2025 | AP/1090 | 2025-0198 | 09/05/2025 | 09/05/2025 | Casete | |||||
| Clasificación decimal universal | Cinta 4 | Archivo de la palabra | Biblioteca del Ateneo de Madrid | Biblioteca del Ateneo de Madrid | Depósito Z | 09/05/2025 | AP/1091 | 2025-0199 | 09/05/2025 | 09/05/2025 | Casete | |||||
| Clasificación decimal universal | Cinta 5 | Archivo de la palabra | Biblioteca del Ateneo de Madrid | Biblioteca del Ateneo de Madrid | Depósito Z | 12/05/2025 | AP/1058 | 2025-0204 | 12/05/2025 | 12/05/2025 | Casete |
